| 000 | 00910ngm a22003130a 4500 | ||
|---|---|---|---|
| 001 | PT47692 | ||
| 003 | AR-LpoUNG | ||
| 005 | 20210202000027.0 | ||
| 007 | vd cvaizq | ||
| 008 | 191001ss.f.||||ag |||||||||||||||||spa d | ||
| 037 | _c$2,50 | ||
| 040 |
_aAR-LpoUNG _bspa _cAR-LpoUNG _eaacr |
||
| 041 | _aspa | ||
| 044 | _aag | ||
| 082 | 0 | _a860 216mar | |
| 100 | 1 |
_aCánepa, Carlos _edir. |
|
| 245 | 1 | 0 |
_aDe mar a mar : _bla saga de Arturo Cuadrado |
| 260 |
_aBuenos Aires : _bCCP, _cs.f.. |
||
| 300 | _aDVD (40 min.) : son., byn, col. | ||
| 520 | _aEste documental contiene distintas anécdotas de vida contadas por el propio Cuadrado, quién fuera fundador de las editoriales Botella al Mar, Hórreo, Emecé y Nova. | ||
| 650 | 4 | _aESPAÑA | |
| 650 | 4 | _aLITERATURA | |
| 653 | _aCINE ARGENTINO | ||
| 653 | _aDOCUMENTALES | ||
| 653 | _aDVD | ||
| 653 | _aVIDEOS | ||
| 905 | _a47692 | ||
| 942 | _cDVD | ||
| 999 |
_c53970 _d53970 |
||